| 000 -LEADER |
| fixed length control field |
00800cam a2200241 a 4500 |
| 001 - CONTROL NUMBER |
| control field |
10013 |
| 003 - CONTROL NUMBER IDENTIFIER |
| control field |
BD-DhUAP |
| 005 - DATE AND TIME OF LATEST TRANSACTION |
| control field |
20200205101844.0 |
| 008 - FIXED-LENGTH DATA ELEMENTS--GENERAL INFORMATION |
| fixed length control field |
200205s2004 pk bl 001 0 eng |
| 040 ## - CATALOGING SOURCE |
| Original cataloging agency |
BD-DhUAP |
| Transcribing agency |
BD-DhUAP |
| Modifying agency |
BD-DhUAP |
| Language of cataloging |
Eng |
| 082 ## - DEWEY DECIMAL CLASSIFICATION NUMBER |
| Edition number |
23 |
| Classification number |
346.54910438 MAH |
| 100 1# - MAIN ENTRY--PERSONAL NAME |
| Personal name |
Mahmood, Shaukat. |
| 245 14 - TITLE STATEMENT |
| Title |
The Registration Act : |
| Remainder of title |
XVI of 1908 / |
| Statement of responsibility, etc. |
Shaukat Mahmood and Nadeem Shaukat. |
| 250 ## - EDITION STATEMENT |
| Edition statement |
5th rev. ed. |
| 260 ## - PUBLICATION, DISTRIBUTION, ETC. |
| Place of publication, distribution, etc. |
Lahore : |
| Name of publisher, distributor, etc. |
Legal Research Centre, |
| Date of publication, distribution, etc. |
2004. |
| 300 ## - PHYSICAL DESCRIPTION |
| Extent |
vii, 359 p. ; |
| Dimensions |
23 cm. |
| 504 ## - BIBLIOGRAPHY, ETC. NOTE |
| Bibliography, etc. note |
Includes bibliographical references and index. |
| 610 10 - SUBJECT ADDED ENTRY--CORPORATE NAME |
| Corporate name or jurisdiction name as entry element |
Pakistan. |
| Title of a work |
Registration Act, 1908. |
| 650 #0 - SUBJECT ADDED ENTRY--TOPICAL TERM |
| Topical term or geographic name entry element |
Recording and registration |
| Geographic subdivision |
Pakistan. |
| 650 #0 - SUBJECT ADDED ENTRY--TOPICAL TERM |
| Topical term or geographic name entry element |
Land titles |
| General subdivision |
Registration and transfer |
| Geographic subdivision |
Pakistan. |
| 700 1# - ADDED ENTRY--PERSONAL NAME |
| Personal name |
Shaukat, Nadeem. |
| 942 ## - ADDED ENTRY ELEMENTS (KOHA) |
| Source of classification or shelving scheme |
|
| Koha item type |
Book |